000
00319nam a22001337a 4500
003
SGT
020
_a
9789350007235
082
_a
080
_b
M11T
100
_a
थानवी, ओम
245
_a
मुअनजोदड़ो
260
_b
वाणी प्रकाशन
_c
2011
300
_a
118
942
_2
ddc
_c
BK
999
_c
31553
_d
31553